000 00798nam a2200205 a 4500
001 000045950
005 20201002052537.0
008 150603s2015 dr a 000 0 spa d
020 _a9789945166712
040 _aDO-SdBNP
_bspa
_cBNPHU
082 _axxxx
_bxxxx
100 1 _aMurat González, Talleyrand
_974021
245 1 0 _aReflexiones en el ágora :
_bpensamientos políticos jurídicos y culturales en una sociedad compleja /
_cTalleyrand Murat González ; prólogo Ricardo Nieves ; ilustraciones Wilson Morfe.
260 _aSanto Domingo :
_bBúho,
_c2015.
300 _a313 p. :
_bil. ;
_c23 cm.
500 _aIncluye índice onomástico
500 _aIncluye datos biográficos del autor en las solapas.
700 1 2 _aMorfe, Wilson,
_eil.
_974022
700 1 2 _aNieves, Ricardo,
_epról.
_910759
999 _c45439
_d45439